[Event "DVM U14 2024"]
[Site "Heidelberg GER"]
[Date "2024.12.28"]
[Round "4"]
[White "Färber, Anna"]
[Black "Nönnig, Jakob"]
[Result "1/2-1/2"]
[Termination "normal"]
[Board "4.1"]
[WhiteElo "1698"]
[BlackElo "2065"]
[WhiteClock "00:14:22"]
[BlackClock "00:02:40"]
[WhiteTeam "SV 1947 Walldorf"]
[BlackTeam "Schachzwerge Magdeburg"]
[PlyCount "192"]
[WhiteFideId "34633480"]
[BlackFideId "16289447"]
[EventCountry "GER"]
[EventRounds "7"]
[EventType "team-swiss"]
[EventDate "2024.12.26"]

1. e4 {[%clk 01:30:52]} {[%emt 00:00:07]} e5 {[%clk 01:30:50]} {[%emt
00:00:11]} 2. Nf3 {[%clk 01:31:10]} {[%emt 00:00:11]} Nc6 {[%clk 01:31:14]}
{[%emt 00:00:07]} 3. d4 {[%clk 01:31:30]} {[%emt 00:00:10]} exd4 {[%clk
01:31:30]} {[%emt 00:00:14]} 4. Nxd4 {[%clk 01:31:49]} {[%emt 00:00:11]} Bb4+
{[%clk 01:31:28]} {[%emt 00:00:32]} 5. c3 {[%clk 01:29:56]} {[%emt 00:02:23]}
Bc5 {[%clk 01:31:42]} {[%emt 00:00:16]} 6. Be3 {[%clk 01:28:43]} {[%emt
00:01:43]} Bb6 {[%clk 01:31:25]} {[%emt 00:00:47]} 7. Nd2 {[%clk 01:26:16]}
{[%emt 00:02:57]} Nge7 {[%clk 01:30:18]} {[%emt 00:01:37]} 8. N2f3 {[%clk
01:23:37]} {[%emt 00:03:09]} O-O {[%clk 01:27:52]} {[%emt 00:02:56]} 9. Bd3
{[%clk 01:16:31]} {[%emt 00:07:37]} d5 {[%clk 01:21:48]} {[%emt 00:06:34]} 10.
Nxc6 {[%clk 01:12:15]} {[%emt 00:04:46]} bxc6 {[%clk 01:21:36]} {[%emt
00:00:42]} 11. Bxb6 {[%clk 01:11:21]} {[%emt 00:01:23]} axb6 {[%clk 01:20:01]}
{[%emt 00:02:06]} 12. O-O {[%clk 01:08:37]} {[%emt 00:03:13]} Bg4 {[%clk
01:04:04]} {[%emt 00:16:27]} 13. exd5 {[%clk 01:00:18]} {[%emt 00:08:49]} Qxd5
{[%clk 00:52:04]} {[%emt 00:12:31]} 14. a3 {[%emt 00:11:22]} Rad8 {[%clk
00:38:54]} {[%emt 00:07:33]} 15. Be2 {[%clk 00:46:23]} {[%emt 00:09:41]} Qe4
{[%clk 00:33:07]} {[%emt 00:06:17]} 16. Qc1 {[%clk 00:43:09]} {[%emt 00:03:43]}
Qxe2 {[%clk 00:24:54]} {[%emt 00:08:43]} 17. Re1 {[%clk 00:43:25]} {[%emt
00:00:14]} Qb5 {[%clk 00:19:08]} {[%emt 00:06:13]} 18. Rxe7 {[%clk 00:43:09]}
{[%emt 00:00:49]} Bxf3 {[%clk 00:19:17]} {[%emt 00:00:21]} 19. gxf3 {[%clk
00:43:14]} {[%emt 00:00:25]} Rd6 {[%clk 00:19:07]} {[%emt 00:00:41]} 20. Re4
{[%clk 00:38:54]} {[%emt 00:04:50]} f5 {[%clk 00:15:54]} {[%emt 00:03:42]} 21.
Rd4 {[%clk 00:36:23]} {[%emt 00:03:00]} Rg6+ {[%clk 00:01:28]} {[%emt
00:14:57]} 22. Kh1 {[%clk 00:36:40]} {[%emt 00:00:12]} Qe2 {[%clk 00:00:46]}
{[%emt 00:01:12]} 23. Qe3 {[%clk 00:35:46]} {[%emt 00:01:25]} Qxb2 {[%clk
00:00:57]} {[%emt 00:00:19]} 24. Rad1 {[%clk 00:34:34]} {[%emt 00:01:42]} Qxa3
{[%clk 00:00:46]} {[%emt 00:00:41]} 25. Qd3 {[%clk 00:33:18]} {[%emt 00:01:46]}
Rd6 {[%clk 00:00:35]} {[%emt 00:00:41]} 26. Rxd6 {[%clk 00:33:00]} {[%emt
00:00:48]} cxd6 {[%clk 00:00:53]} {[%emt 00:00:12]} 27. Qc4+ {[%clk 00:33:05]}
{[%emt 00:00:24]} Kh8 {[%clk 00:00:55]} {[%emt 00:00:29]} 28. Qxc6 {[%clk
00:33:10]} {[%emt 00:00:26]} Qb2 {[%clk 00:00:34]} {[%emt 00:00:51]} 29. Qxd6
{[%clk 00:33:24]} {[%emt 00:00:15]} Rg8 {[%clk 00:00:58]} {[%emt 00:00:07]} 30.
Qd4 {[%clk 00:32:26]} {[%emt 00:01:28]} Qe2 {[%clk 00:01:02]} {[%emt 00:00:25]}
31. Kg2 {[%clk 00:31:46]} {[%emt 00:01:10]} Re8 {[%clk 00:00:45]} {[%emt
00:00:48]} 32. Qd3 {[%clk 00:30:23]} {[%emt 00:01:53]} Qe6 {[%clk 00:00:36]}
{[%emt 00:00:39]} 33. Qd6 {[%clk 00:30:31]} {[%emt 00:00:22]} Qb3 {[%clk
00:00:34]} {[%emt 00:00:33]} 34. Qd7 {[%clk 00:29:38]} {[%emt 00:01:22]} Rf8
{[%clk 00:00:35]} {[%emt 00:00:27]} 35. Qd6 {[%clk 00:29:36]} {[%emt 00:00:34]}
Rg8 {[%clk 00:00:37]} {[%emt 00:00:28]} 36. Qd4 {[%clk 00:28:54]} {[%emt
00:01:12]} h6 {[%clk 00:00:43]} {[%emt 00:00:25]} 37. Re1 {[%clk 00:27:29]}
{[%emt 00:01:54]} Qa3 {[%clk 00:00:39]} {[%emt 00:00:33]} 38. Qxb6 {[%clk
00:27:23]} {[%emt 00:00:37]} Qxc3 {[%clk 00:01:05]} {[%emt 00:00:04]} 39. Qe6
{[%clk 00:26:58]} {[%emt 00:00:55]} Rf8 {[%clk 00:01:13]} {[%emt 00:00:21]} 40.
Qe5 {[%clk 00:23:51]} {[%emt 00:03:37]} Qd2 {[%clk 00:01:21]} {[%emt 00:00:23]}
41. Qe3 {[%clk 00:22:16]} {[%emt 00:02:06]} Qc2 {[%clk 00:29:14]} {[%emt
00:02:37]} 42. Qe2 {[%clk 00:50:59]} {[%emt 00:01:46]} Qa4 {[%clk 00:29:08]}
{[%emt 00:00:36]} 43. Qe5 {[%clk 00:49:07]} {[%emt 00:02:21]} Qh4 {[%clk
00:24:49]} {[%emt 00:04:49]} 44. Qg3 {[%clk 00:47:06]} {[%emt 00:02:30]} Qf6
{[%clk 00:22:59]} {[%emt 00:02:21]} 45. Qe5 {[%clk 00:46:02]} {[%emt 00:01:34]}
Qc6 {[%clk 00:20:38]} {[%emt 00:02:49]} 46. Qe6 {[%clk 00:45:14]} {[%emt
00:01:20]} Qc3 {[%clk 00:20:03]} {[%emt 00:01:05]} 47. Qe5 {[%clk 00:43:06]}
{[%emt 00:02:38]} Qc2 {[%clk 00:19:03]} {[%emt 00:01:28]} 48. Qe2 {[%clk
00:42:33]} {[%emt 00:01:06]} Qa4 {[%clk 00:19:18]} {[%emt 00:00:14]} 49. Qe5
{[%clk 00:42:26]} {[%emt 00:00:37]} Kh7 {[%clk 00:19:32]} {[%emt 00:00:16]} 50.
Ra1 {[%clk 00:39:54]} {[%emt 00:03:02]} Qc6 {[%clk 00:15:21]} {[%emt 00:04:41]}
51. Re1 {[%clk 00:34:47]} {[%emt 00:05:37]} Rf6 {[%clk 00:15:21]} {[%emt
00:00:30]} 52. Qe3 {[%clk 00:33:53]} {[%emt 00:01:22]} Qd6 {[%clk 00:04:40]}
{[%emt 00:11:12]} 53. Qe5 {[%clk 00:30:14]} {[%emt 00:04:11]} Qb4 {[%clk
00:02:10]} {[%emt 00:02:58]} 54. Kh1 {[%clk 00:28:31]} {[%emt 00:02:13]} Qd2
{[%clk 00:00:56]} {[%emt 00:01:44]} 55. Qe3 {[%clk 00:28:23]} {[%emt 00:00:39]}
Qd6 {[%clk 00:01:08]} {[%emt 00:00:16]} 56. Qe5 {[%clk 00:28:27]} {[%emt
00:00:28]} Qc6 {[%clk 00:00:52]} {[%emt 00:00:45]} 57. Qe3 {[%clk 00:28:19]}
{[%emt 00:00:38]} Rg6 {[%clk 00:00:57]} {[%emt 00:00:25]} 58. Qf4 {[%clk
00:27:10]} {[%emt 00:01:41]} Qc2 {[%clk 00:00:37]} {[%emt 00:00:49]} 59. Qe3
{[%clk 00:26:50]} {[%emt 00:00:50]} Rd6 {[%clk 00:00:42]} {[%emt 00:00:23]} 60.
Kg2 {[%clk 00:26:26]} {[%emt 00:00:55]} Rd2 {[%clk 00:00:45]} {[%emt 00:00:26]}
61. Kf1 {[%clk 00:23:30]} {[%emt 00:03:27]} Rd3 {[%clk 00:00:38]} {[%emt
00:00:38]} 62. Qe2 {[%clk 00:22:49]} {[%emt 00:01:12]} Qc3 {[%clk 00:00:38]}
{[%emt 00:00:29]} 63. Kg2 {[%clk 00:23:10]} {[%emt 00:00:09]} Rd6 {[%clk
00:00:36]} {[%emt 00:00:30]} 64. Kh1 {[%clk 00:22:28]} {[%emt 00:01:14]} Rb6
{[%clk 00:00:33]} {[%emt 00:00:34]} 65. Qe3 {[%clk 00:22:31]} {[%emt 00:00:27]}
Qb4 {[%clk 00:00:35]} {[%emt 00:00:28]} 66. Qe5 {[%clk 00:22:00]} {[%emt
00:01:01]} Rf6 {[%clk 00:00:37]} {[%emt 00:00:27]} 67. Qe7 {[%clk 00:19:55]}
{[%emt 00:02:35]} Qxe7 {[%clk 00:00:32]} {[%emt 00:00:35]} 68. Rxe7 {[%clk
00:20:18]} {[%emt 00:00:07]} f4 {[%clk 00:00:39]} {[%emt 00:00:23]} 69. Re4
{[%clk 00:20:10]} {[%emt 00:00:39]} Kg6 {[%clk 00:00:44]} {[%emt 00:00:25]} 70.
Kg2 {[%clk 00:19:47]} {[%emt 00:00:52]} Kf5 {[%clk 00:01:06]} {[%emt 00:00:07]}
71. Rb4 {[%clk 00:19:55]} {[%emt 00:00:22]} Rg6+ {[%clk 00:01:25]} {[%emt
00:00:12]} 72. Kf1 {[%clk 00:19:31]} {[%emt 00:00:54]} Kg5 {[%clk 00:00:59]}
{[%emt 00:00:54]} 73. Rb5+ {[%clk 00:18:57]} {[%emt 00:01:06]} Kf6 {[%clk
00:00:45]} {[%emt 00:00:44]} 74. Rb4 {[%clk 00:19:15]} {[%emt 00:00:13]} Ke5
{[%clk 00:00:43]} {[%emt 00:00:31]} 75. Rb5+ {[%clk 00:19:32]} {[%emt
00:00:14]} Ke6 {[%clk 00:01:08]} {[%emt 00:00:05]} 76. Rb6+ {[%clk 00:19:23]}
{[%emt 00:00:39]} Kf7 {[%clk 00:01:33]} {[%emt 00:00:04]} 77. Rb7+ {[%clk
00:19:33]} {[%emt 00:00:21]} Kg8 {[%clk 00:01:30]} {[%emt 00:00:31]} 78. Rb4
{[%clk 00:19:38]} {[%emt 00:00:27]} Rf6 {[%clk 00:01:55]} {[%emt 00:00:05]} 79.
Kg2 {[%clk 00:19:30]} {[%emt 00:00:38]} Kh7 {[%clk 00:01:50]} {[%emt 00:00:34]}
80. Rb7 {[%clk 00:19:37]} {[%emt 00:00:24]} h5 {[%clk 00:01:19]} {[%emt
00:01:01]} 81. Rb5 {[%clk 00:18:41]} {[%emt 00:01:26]} Kh6 {[%clk 00:01:15]}
{[%emt 00:00:34]} 82. Ra5 {[%clk 00:16:44]} {[%emt 00:02:27]} g5 {[%clk
00:00:40]} {[%emt 00:01:05]} 83. h3 {[%clk 00:16:39]} {[%emt 00:00:35]} Kg6
{[%clk 00:00:45]} {[%emt 00:00:24]} 84. Ra8 {[%clk 00:16:29]} {[%emt 00:00:41]}
Re6 {[%clk 00:00:50]} {[%emt 00:00:24]} 85. Rg8+ {[%clk 00:16:22]} {[%emt
00:00:38]} Kf5 {[%clk 00:01:14]} {[%emt 00:00:06]} 86. Rh8 {[%clk 00:16:28]}
{[%emt 00:00:25]} h4 {[%clk 00:01:35]} {[%emt 00:00:09]} 87. Ra8 {[%clk
00:16:45]} {[%emt 00:00:13]} Re5 {[%clk 00:01:53]} {[%emt 00:00:10]} 88. Ra6
{[%clk 00:16:50]} {[%emt 00:00:26]} Rd5 {[%clk 00:02:12]} {[%emt 00:00:11]} 89.
Ra4 {[%clk 00:16:29]} {[%emt 00:00:51]} Ke5 {[%clk 00:02:34]} {[%emt 00:00:07]}
90. Re4+ {[%clk 00:16:36]} {[%emt 00:00:24]} Kd6 {[%clk 00:02:13]} {[%emt
00:00:50]} 91. Rc4 {[%clk 00:16:02]} {[%emt 00:01:06]} Re5 {[%clk 00:02:33]}
{[%emt 00:00:08]} 92. Rd4+ {[%clk 00:14:26]} {[%emt 00:02:06]} Kc6 {[%clk
00:02:36]} {[%emt 00:00:25]} 93. Rc4+ {[%clk 00:14:12]} {[%emt 00:00:47]} Kd5
{[%clk 00:02:46]} {[%emt 00:00:16]} 94. Ra4 {[%clk 00:14:38]} {[%emt 00:00:08]}
Kc5 {[%clk 00:03:11]} {[%emt 00:00:04]} 95. Kf1 {[%clk 00:14:03]} {[%emt
00:01:05]} Kb5 {[%clk 00:02:18]} {[%emt 00:01:22]} 96. Rd4 {[%clk 00:14:22]}
{[%emt 00:00:13]} Kc5 {[%clk 00:02:40]} {[%emt 00:00:07]} 1/2-1/2

[Event "DVM U14 2024"]
[Site "Heidelberg GER"]
[Date "2024.12.28"]
[Round "4"]
[White "Shevchenko, Igor"]
[Black "Botschek, Marius"]
[Result "1/2-1/2"]
[Termination "normal"]
[Board "4.2"]
[WhiteElo "1788"]
[BlackElo "1788"]
[WhiteClock "00:02:49"]
[BlackClock "00:28:59"]
[WhiteTeam "Schachzwerge Magdeburg"]
[BlackTeam "SV 1947 Walldorf"]
[PlyCount "188"]
[WhiteFideId "34634924"]
[BlackFideId "34629521"]
[EventCountry "GER"]
[EventRounds "7"]
[EventType "team-swiss"]
[EventDate "2024.12.26"]

1. d4 {[%clk 01:30:05]} {[%emt 00:00:54]} Nf6 {[%clk 01:30:55]} {[%emt
00:00:06]} 2. c4 {[%clk 01:30:10]} {[%emt 00:00:25]} c5 {[%clk 01:31:19]}
{[%emt 00:00:05]} 3. Nf3 {[%clk 01:30:34]} {[%emt 00:00:06]} cxd4 {[%clk
01:31:43]} {[%emt 00:00:06]} 4. Nxd4 {[%clk 01:30:54]} {[%emt 00:00:09]} Nc6
{[%clk 01:31:38]} {[%emt 00:00:36]} 5. Nc3 {[%clk 01:30:20]} {[%emt 00:01:04]}
g6 {[%clk 01:31:36]} {[%emt 00:00:31]} 6. e4 {[%clk 01:28:23]} {[%emt
00:02:27]} d6 {[%clk 01:29:06]} {[%emt 00:02:59]} 7. Be2 {[%clk 01:28:02]}
{[%emt 00:00:51]} Nxd4 {[%clk 01:29:28]} {[%emt 00:00:08]} 8. Qxd4 {[%clk
01:28:27]} {[%emt 00:00:05]} Bg7 {[%clk 01:29:52]} {[%emt 00:00:06]} 9. h3
{[%clk 01:26:44]} {[%emt 00:02:13]} O-O {[%clk 01:30:14]} {[%emt 00:00:08]} 10.
Qe3 {[%clk 01:21:12]} {[%emt 00:06:02]} Bd7 {[%clk 01:29:26]} {[%emt 00:01:18]}
11. O-O {[%clk 01:20:28]} {[%emt 00:01:14]} Bc6 {[%clk 01:28:51]} {[%emt
00:01:05]} 12. f4 {[%clk 01:11:44]} {[%emt 00:09:14]} Nd7 {[%clk 01:13:46]}
{[%emt 00:15:35]} 13. Bf3 {[%clk 01:00:57]} {[%emt 00:11:16]} Qb6 {[%clk
01:10:36]} {[%emt 00:03:40]} 14. Nd5 {[%clk 00:53:36]} {[%emt 00:07:51]} Bxd5
{[%clk 01:03:56]} {[%emt 00:07:10]} 15. Qxb6 {[%clk 00:54:02]} {[%emt
00:00:04]} Nxb6 {[%clk 01:04:17]} {[%emt 00:00:09]} 16. cxd5 {[%clk 00:54:29]}
{[%emt 00:00:03]} Rac8 {[%clk 01:02:50]} {[%emt 00:01:57]} 17. Rd1 {[%clk
00:52:44]} {[%emt 00:02:14]} Rc2 {[%clk 01:01:06]} {[%emt 00:02:13]} 18. Rb1
{[%clk 00:52:44]} {[%emt 00:00:31]} Rfc8 {[%clk 01:01:14]} {[%emt 00:00:21]}
19. b3 {[%clk 00:34:05]} {[%emt 00:19:10]} Rxa2 {[%clk 00:58:52]} {[%emt
00:02:50]} 20. Be3 {[%clk 00:33:40]} {[%emt 00:00:57]} Nd7 {[%clk 00:56:31]}
{[%emt 00:02:52]} 21. Bg4 {[%clk 00:33:29]} {[%emt 00:00:40]} f5 {[%clk
00:38:36]} {[%emt 00:18:25]} 22. exf5 {[%clk 00:32:38]} {[%emt 00:01:22]} h5
{[%clk 00:38:09]} {[%emt 00:00:57]} 23. Bf3 {[%clk 00:29:03]} {[%emt 00:04:05]}
gxf5 {[%clk 00:38:22]} {[%emt 00:00:16]} 24. Bxh5 {[%clk 00:28:48]} {[%emt
00:00:44]} Rcc2 {[%clk 00:38:08]} {[%emt 00:00:42]} 25. Bf3 {[%clk 00:28:10]}
{[%emt 00:01:11]} a6 {[%clk 00:33:32]} {[%emt 00:05:07]} 26. Rbc1 {[%clk
00:06:59]} {[%emt 00:21:41]} Kh7 {[%clk 00:32:41]} {[%emt 00:01:18]} 27. Rxc2
{[%clk 00:01:06]} {[%emt 00:06:25]} Rxc2 {[%clk 00:33:08]} {[%emt 00:00:02]}
28. Rd3 {[%clk 00:01:14]} {[%emt 00:00:23]} Nc5 {[%clk 00:31:52]} {[%emt
00:01:46]} 29. Bxc5 {[%clk 00:01:39]} {[%emt 00:00:05]} Rxc5 {[%clk 00:32:19]}
{[%emt 00:00:02]} 30. g4 {[%clk 00:01:42]} {[%emt 00:00:27]} fxg4 {[%clk
00:24:17]} {[%emt 00:08:33]} 31. hxg4 {[%clk 00:01:43]} {[%emt 00:00:29]} Rc3
{[%clk 00:24:29]} {[%emt 00:00:16]} 32. Rxc3 {[%clk 00:01:37]} {[%emt
00:00:38]} Bxc3 {[%clk 00:24:56]} {[%emt 00:00:03]} 33. Kf2 {[%clk 00:01:42]}
{[%emt 00:00:25]} Bd2 {[%clk 00:23:56]} {[%emt 00:01:30]} 34. Be4+ {[%clk
00:02:04]} {[%emt 00:00:08]} Kg7 {[%clk 00:24:14]} {[%emt 00:00:12]} 35. Kf3
{[%clk 00:02:34]} a5 {[%clk 00:22:45]} {[%emt 00:02:00]} 36. Bd3 {[%clk
00:02:21]} {[%emt 00:00:43]} Bc1 {[%clk 00:21:35]} {[%emt 00:01:39]} 37. Bb5
{[%clk 00:02:15]} {[%emt 00:00:35]} Bd2 {[%clk 00:21:25]} {[%emt 00:00:34]} 38.
Ke4 {[%clk 00:02:14]} {[%emt 00:00:37]} b6 {[%clk 00:21:15]} {[%emt 00:00:40]}
39. Kf5 {[%clk 00:02:14]} {[%emt 00:00:31]} Kf7 {[%clk 00:19:51]} {[%emt
00:01:51]} 40. Bd7 {[%clk 00:02:19]} {[%emt 00:00:27]} Be3 {[%clk 00:19:28]}
{[%emt 00:00:52]} 41. g5 {[%clk 00:01:56]} {[%emt 00:00:54]} Bd4 {[%clk
00:18:21]} {[%emt 00:01:34]} 42. Ke4 {[%clk 00:01:26]} {[%emt 00:01:03]} Bc3
{[%clk 00:18:40]} {[%emt 00:00:11]} 43. Kf3 {[%clk 00:29:48]} {[%emt 00:02:09]}
Bd2 {[%clk 00:45:51]} {[%emt 00:03:19]} 44. Kg4 {[%clk 00:28:57]} {[%emt
00:01:21]} Kg6 {[%clk 00:43:42]} {[%emt 00:02:38]} 45. Be8+ {[%clk 00:29:05]}
{[%emt 00:00:23]} Kg7 {[%clk 00:43:48]} {[%emt 00:00:24]} 46. Kf5 {[%clk
00:19:54]} {[%emt 00:09:41]} Bc3 {[%clk 00:42:46]} {[%emt 00:01:32]} 47. Ke4
{[%clk 00:10:06]} {[%emt 00:10:18]} Kf8 {[%clk 00:42:27]} {[%emt 00:00:46]} 48.
Bd7 {[%clk 00:09:30]} {[%emt 00:01:08]} Kf7 {[%clk 00:42:21]} {[%emt 00:00:35]}
49. Kd3 {[%clk 00:07:36]} {[%emt 00:02:26]} Bb2 {[%clk 00:41:07]} {[%emt
00:01:40]} 50. Ke3 {[%clk 00:05:17]} {[%emt 00:02:53]} Bc3 {[%clk 00:40:57]}
{[%emt 00:00:39]} 51. Kf3 {[%clk 00:05:42]} {[%emt 00:00:06]} Bd4 {[%clk
00:41:10]} {[%emt 00:00:15]} 52. Kg4 {[%clk 00:04:19]} {[%emt 00:01:56]} Kg7
{[%clk 00:40:51]} {[%emt 00:00:48]} 53. Kf5 {[%clk 00:02:32]} {[%emt 00:02:17]}
Kf7 {[%clk 00:40:29]} {[%emt 00:00:53]} 54. Ke4 {[%clk 00:02:05]} {[%emt
00:00:57]} Bc3 {[%clk 00:40:41]} {[%emt 00:00:15]} 55. Kd3 {[%clk 00:02:25]}
{[%emt 00:00:14]} Bb2 {[%clk 00:40:40]} {[%emt 00:00:29]} 56. Bg4 {[%clk
00:02:04]} {[%emt 00:00:51]} Kg7 {[%clk 00:39:11]} {[%emt 00:01:58]} 57. Bh5
{[%clk 00:02:09]} {[%emt 00:00:27]} Bc1 {[%clk 00:38:18]} {[%emt 00:01:19]} 58.
Ke4 {[%clk 00:02:20]} {[%emt 00:00:24]} Bb2 {[%clk 00:38:25]} {[%emt 00:00:22]}
59. Kf5 {[%clk 00:02:26]} {[%emt 00:00:25]} Kf8 {[%clk 00:37:54]} {[%emt
00:00:59]} 60. Kg6 {[%clk 00:01:53]} {[%emt 00:01:04]} Kg8 {[%emt 00:05:09]}
61. Be2 {[%clk 00:01:53]} Bc3 {[%clk 00:33:20]} {[%emt 00:00:56]} 62. Bb5
{[%clk 00:01:57]} {[%emt 00:00:26]} Bb2 {[%clk 00:29:52]} {[%emt 00:03:58]} 63.
Bd7 {[%clk 00:02:03]} {[%emt 00:00:24]} Bc3 {[%clk 00:28:24]} {[%emt 00:01:59]}
64. Be6+ {[%clk 00:01:52]} {[%emt 00:00:41]} Kf8 {[%clk 00:28:29]} {[%emt
00:00:24]} 65. f5 {[%clk 00:00:37]} {[%emt 00:01:45]} Bd4 {[%clk 00:28:19]}
{[%emt 00:00:39]} 66. Kh6 {[%clk 00:00:32]} {[%emt 00:00:35]} Bc3 {[%clk
00:28:34]} {[%emt 00:00:15]} 67. f6 {[%clk 00:00:31]} {[%emt 00:00:31]} exf6
{[%clk 00:28:56]} {[%emt 00:00:07]} 68. g6 {[%clk 00:01:00]} {[%emt 00:00:02]}
f5 {[%clk 00:28:52]} {[%emt 00:00:35]} 69. Bxf5 {[%clk 00:01:28]} {[%emt
00:00:02]} Bg7+ {[%clk 00:29:07]} {[%emt 00:00:13]} 70. Kh7 {[%clk 00:01:32]}
{[%emt 00:00:26]} Bf6 {[%clk 00:29:13]} {[%emt 00:00:24]} 71. Bd7 {[%clk
00:01:43]} {[%emt 00:00:20]} Bg7 {[%clk 00:29:33]} {[%emt 00:00:09]} 72. Be6
{[%clk 00:02:03]} {[%emt 00:00:11]} Bf6 {[%clk 00:29:36]} {[%emt 00:00:25]} 73.
Kh6 {[%clk 00:02:30]} {[%emt 00:00:04]} Bg7+ {[%clk 00:30:00]} {[%emt
00:00:06]} 74. Kg5 {[%clk 00:02:50]} {[%emt 00:00:10]} Ke7 {[%clk 00:30:17]}
{[%emt 00:00:12]} 75. Kf5 {[%clk 00:03:10]} {[%emt 00:00:10]} Bf6 {[%clk
00:27:56]} {[%emt 00:02:51]} 76. Bc8 {[%clk 00:03:30]} {[%emt 00:00:09]} Be5
{[%clk 00:27:07]} {[%emt 00:01:20]} 77. Ba6 {[%clk 00:03:29]} {[%emt 00:00:31]}
Bf6 {[%clk 00:27:29]} {[%emt 00:00:09]} 78. Kg4 {[%clk 00:03:33]} {[%emt
00:00:25]} Bg7 {[%clk 00:27:45]} {[%emt 00:00:14]} 79. Kg5 {[%clk 00:03:36]}
{[%emt 00:00:27]} Kf8 {[%clk 00:27:36]} {[%emt 00:00:38]} 80. Kf5 {[%clk
00:02:33]} {[%emt 00:01:34]} Ke7 {[%clk 00:27:59]} {[%emt 00:00:07]} 81. Bb5
{[%clk 00:02:04]} {[%emt 00:01:00]} Bf6 {[%clk 00:28:17]} {[%emt 00:00:11]} 82.
Ke4 {[%clk 00:01:37]} {[%emt 00:00:57]} Be5 {[%clk 00:28:09]} {[%emt 00:00:37]}
83. Kd3 {[%clk 00:01:54]} {[%emt 00:00:14]} Kf6 {[%clk 00:27:35]} {[%emt
00:01:03]} 84. Be8 {[%clk 00:02:19]} {[%emt 00:00:06]} Kg7 {[%clk 00:27:55]}
{[%emt 00:00:08]} 85. Kc4 {[%clk 00:02:40]} {[%emt 00:00:11]} Bf4 {[%clk
00:27:03]} {[%emt 00:01:22]} 86. Kb5 {[%clk 00:02:41]} {[%emt 00:00:29]} Be3
{[%clk 00:27:24]} {[%emt 00:00:07]} 87. Kc6 {[%clk 00:03:06]} {[%emt 00:00:07]}
Bc5 {[%clk 00:27:49]} {[%emt 00:00:05]} 88. Kc7 {[%clk 00:03:04]} {[%emt
00:00:32]} b5 {[%clk 00:26:38]} {[%emt 00:01:42]} 89. Bxb5 {[%clk 00:02:03]}
{[%emt 00:01:30]} Kxg6 {[%clk 00:27:00]} {[%emt 00:00:08]} 90. Kb7 {[%clk
00:02:08]} {[%emt 00:00:25]} Bb4 {[%clk 00:27:22]} {[%emt 00:00:08]} 91. Bd3+
{[%clk 00:01:51]} {[%emt 00:00:47]} Kf6 {[%clk 00:27:45]} {[%emt 00:00:07]} 92.
Bc4 {[%clk 00:02:09]} {[%emt 00:00:12]} Ke5 {[%clk 00:28:12]} {[%emt 00:00:04]}
93. Kb6 {[%clk 00:02:29]} {[%emt 00:00:09]} Kd4 {[%clk 00:28:37]} {[%emt
00:00:04]} 94. Kb5 {[%clk 00:02:49]} {[%emt 00:00:10]} Ke5 {[%clk 00:28:59]}
{[%emt 00:00:08]} 1/2-1/2